000 002320000a22000970004500
100 1 _aWinter, Ralph D.
245 1 0 _aCountdown 2000!
300 _aVol. 15, Núm 55 (1988), Páginas 7-10
773 0 _tWorld Evangelization
942 _cANA
999 _c57918
_d57918